000
00306nam a2200133Ia 4500
005
20260328104251.0
008
260328s9999||||xx |||||||||||||| ||und||
100
_a
Charta
245
0
_a
Shirin Neshat :
_b
2002-2005 /
_c
Charta
260
_b
Charta
300
_a
87 p.
650
_a
FOTOGRAFÍA
942
_c
BK
999
_c
10241
_d
10241